El perro del hortelano

Guardat en:
Dades bibliogràfiques
Autor principal: Vega, Lope de (Autor)
Format: Llibre
Idioma:espanyol
Publicat: Buenos Aires Espasa-Calpe 1962
Edició:3a. ed
Col·lecció:Austral, 354
Matèries:
Etiquetes: Afegir etiqueta
Sense etiquetes, Sigues el primer a etiquetar aquest registre!

MARC

LEADER 00000nam a2200000 a 4500
001 UCQ1890
003 CL-VaPUC
008 980721e19620000AG |||||||||||||||||spa|d
082 0 4 |a 862  |b VEG  |2 21 
100 0 |a Vega, Lope de  |e author  |9 319628 
245 1 3 |a El perro del hortelano 
246 1 3 |a El arenal de Sevilla 
250 |a 3a. ed 
300 |a 158 p 
942 |c BK 
945 |d 19980721 00:00:00  |a lriquelm 
260 |a Buenos Aires  |b Espasa-Calpe  |c 1962 
650 0 |a Teatro  |9 265385 
650 7 |a OBRAS DE TEATRO  |2 CL-VaPUC  |9 341455 
650 0 |a Literatura española  |9 306261 
583 |a last modification  |c 19980721 00:00:00  |k Rodrigo Vera 
490 0 |a Austral, 354 
999 |c 272733  |d 272731 
952 |0 0  |1 0  |4 0  |6 862_000000000000000_VEG_1962  |7 0  |8 A  |9 307866  |a BIBEDU  |b BIBEDU  |d 2019-11-20  |i 1436694  |o 862 VEG 1962  |p 1436694  |r 2019-11-20  |w 2019-11-20  |y BK  |k LIT